Manažment finančných rizík
Náplňou manažmentu rizík (rizikového manažmentu) je formulácia takých systematických metód a postupov, ktorých predmetom je minimalizácia podnikateľských rizík. Dôležitou triedou podnikateľských rizík sú finančné riziká. Čo je treba rozumieť pod pojmom manažment finančných rizík. Proces manažmentu f...
Salvato in:
| Autore principale: | |
|---|---|
| Altri autori: | |
| Natura: | Capitolo di libro |
| Lingua: | slovacco |
| Soggetti: | |
| Tags: |
Nessun Tag, puoi essere il primo ad aggiungerne!!
|
MARC
| LEADER | 00000naa a2200000 4500 | ||
|---|---|---|---|
| 001 | r025233 | ||
| 005 | 20230809081739.7 | ||
| 041 | 0 | |a slo | |
| 044 | |a SK | ||
| 245 | 1 | 0 | |a Manažment finančných rizík |c E. Trenčianska, Ľ. Šlahor |
| 520 | |a Náplňou manažmentu rizík (rizikového manažmentu) je formulácia takých systematických metód a postupov, ktorých predmetom je minimalizácia podnikateľských rizík. Dôležitou triedou podnikateľských rizík sú finančné riziká. Čo je treba rozumieť pod pojmom manažment finančných rizík. Proces manažmentu finančných rizík. Definovanie finančných rizík. Identifikácia finančných rizík. Kvantifikácia, kontrola a riadenie finančných rizík. Aktívny a pasívny úrokový manažment. Zdroje finančných rizík. Uplatňovanie metódy "value-at-risk". Niektoré stratégie aktívneho manažmentu finančných rizík. | ||
| 610 | 2 | 0 | |a manažment finančný |
| 610 | 2 | 0 | |a risk management |
| 610 | 2 | 0 | |a financie |
| 610 | 2 | 0 | |a úrok |
| 610 | 2 | 0 | |a riziko |
| 610 | 2 | 0 | |a kvantifikácia |
| 610 | 2 | 0 | |a portfólio |
| 100 | 1 | |a Trenčianska, Elena | |
| 700 | 1 | |a Šlahor, Ľudomír | |